| 000 | 00652cam a2200229 4500500 | ||
|---|---|---|---|
| 005 | 20260405003027.0 | ||
| 041 | _afre | ||
| 042 | _adc | ||
| 100 | 1 | 0 |
_aDegiovanni, Clara _eauthor |
| 245 | 0 | 0 | _aPourquoi aimons-nous dire des gros mots ? |
| 260 | _c2020. | ||
| 500 | _a21 | ||
| 690 | _aBourdieu | ||
| 690 | _aGrossièreté | ||
| 690 | _aInsulte | ||
| 690 | _aJuron | ||
| 690 | _aMontaigne | ||
| 690 | _aPlaton | ||
| 690 | _aSchopenhauer | ||
| 786 | 0 | _nPhilosophie magazine | 136 | 2 | 2020-02-01 | p. 35-35 | 1951-1787 | |
| 856 | 4 | 1 | _uhttps://shs.cairn.info/magazine-philosophie-magazine-2020-2-page-35?lang=fr&redirect-ssocas=7080 |
| 999 |
_c2063676 _d2063676 |
||